000 01525cam3a220034901 4500
001 lce00486855
005 20190830103021.0
008 700511s1969 enk b 000 0 eng
010 _a 78456444 //r924
015 _aB69-20939
020 _a0255695454
020 _c7/6
035 _a(Sirsi) r45868
035 _a(DLC) 78456444 //r924
035 _a(UPRA)lce00486855
040 _aDLC
_cDLC
_dDLC
_dUPRA
050 0 0 _aHG3881
_b.H24 1969
082 0 0 _a332.1/5
100 1 _aHaberler, Gottfried, 1900-
_dHaberler, Gottfried, 1900-
_6A3472.1
245 1 0 _aMoney in the international economy :
_ba study in balance of payments adjustment, international liquidity and exchange rates.
250 _a2nd ed. / with an introduction on 'The international monetary system: some recent developments and discussions'.
_b2nd ed. / with an introduction on 'The international monetary system: some recent developments and discussions'.
260 _aLondon :
_bInstitute of Economic Affairs,
_c1969.
490 1 _aHobart papers ;
_v31
504 _aBibliography: p. 63-65.
650 0 _aBalance of payments.
_6S2690.1
650 0 _aInternational liquidity.
_6S1274.1
650 0 _aForeign exchange rates -- Kenya -- 1970-1993
_zForeign exchange rates -- Kenya -- 1970-1993
_yForeign exchange rates -- Kenya -- 1970-1993
_6S84182.1
710 2 _aInstitute of Economic Affairs (Great Britain)
_6A3709.1
830 0 _aHobart paper ;
_v31.
_6S1819.1
949 _aHG3881
_wlcc
_i-57280
_mMAIN
_tBOOK
_lON-SHELF
004 45868
999 _c184265
_d184265